|
|
|
|
| LEADER |
01311nam a2200373 a 4500 |
| 001 |
EBC477769 |
| 003 |
MiAaPQ |
| 005 |
20200520144314.0 |
| 006 |
m o d | |
| 007 |
cr cn||||||||| |
| 008 |
110302s2010 njuad s 001 0 eng d |
| 020 |
|
|
|z 9780470563762
|
| 020 |
|
|
|z 9781118006306
|
| 020 |
|
|
|a 9781118006313 (electronic bk.)
|
| 035 |
|
|
|a (MiAaPQ)EBC477769
|
| 035 |
|
|
|a (Au-PeEL)EBL477769
|
| 035 |
|
|
|a (CaPaEBR)ebr10441370
|
| 035 |
|
|
|a (CaONFJC)MIL247175
|
| 035 |
|
|
|a (OCoLC)565680169
|
| 040 |
|
|
|a MiAaPQ
|c MiAaPQ
|d MiAaPQ
|
| 050 |
|
4 |
|a HG4521
|b .A43 2010
|
| 100 |
1 |
|
|a Aldridge, Irene.
|
| 245 |
1 |
0 |
|a Searching for high-frequency trading opportunities
|h [electronic resource] /
|c Irene Aldridge.
|
| 260 |
|
|
|a Hoboken, N.J. :
|b John Wiley & Sons,
|c 2010.
|
| 300 |
|
|
|a p. 98-114 :
|b ill.
|
| 490 |
1 |
|
|a Wiley trading
|
| 500 |
|
|
|a "A Wiley Global Finance executive selection."
|
| 500 |
|
|
|a Includes index.
|
| 533 |
|
|
|a Electronic reproduction. Ann Arbor, MI : ProQuest, 2015. Available via World Wide Web. Access may be limited to ProQuest affiliated libraries.
|
| 650 |
|
0 |
|a Investments.
|
| 655 |
|
4 |
|a Electronic books.
|
| 710 |
2 |
|
|a ProQuest (Firm)
|
| 830 |
|
0 |
|a Wiley trading.
|
| 856 |
4 |
0 |
|u https://ebookcentral.proquest.com/lib/matrademy/detail.action?docID=477769
|z Click to View
|